000 00644nam a2200241 i 4500
001 C2-0317433
003 PPAK
005 20180728113620.0
008 120913s2001 my |||| ||||| | may d
020 _a9831378555
040 _aPPAK
_beng
_cPPAK
_erda
082 0 4 _a899.233
_223
090 0 0 _a899.233
_bHAS
_dKSS
100 0 _aHassan Baseri Budiman,
_eauthor
245 1 0 _aBirai Kasih
264 1 _aPulau Pinang :
_bRhythm Publishing Sdn. Bhd. ,
_c2001
300 _a160 pages ;
_c18 cm
336 _2rdacontent
_atext
337 _2rdamedia
_aunmediated
338 _2rdacarrier
_avolume
650 1 0 _aMalay fiction
942 _ddc
_cB
999 _c118503
_d118503